| 000 | 00530nam a22002051c 4500 | ||
|---|---|---|---|
| 001 | a987677754 | ||
| 008 | 161101s2014 gw |||| 000u rus d | ||
| 020 |
_a9785235037601 _9978-5-235-03760-1 |
||
| 041 | _arus | ||
| 100 | 1 | _aPopov, Valerij G. | |
| 245 | 0 | 0 | _aDmitrij Lichačev |
| 264 |
_aMoskva : _bMolodaja gvardija, _c2014 |
||
| 300 | _a269 S. | ||
| 650 | 0 | _aLichacëv, Dmitrij S. | |
| 650 | 0 | _aBiographie | |
| 942 | _cMG | ||
| 040 | _cRU-10907106 | ||
| 003 | RU-10907106 | ||
| 999 |
_c39726 _d39726 |
||
| 490 | 0 |
_aŽizn' zamečatel'nych ljudej _v1604 |
|